01978nam a2200241Ia 4500001000600000003000900006008004100015040001300056040001300069041001300082100002100095100002900116245001200145245001200157250001100169260001100180260002400191260004900215300005700264500135600321650002801677650003101705H4204IT-RoPAU130308s9999 xx 000 0 und d aIT-RoPAU cIT-RoPAU aITALIANO aLapenta Stefania gCodice Aut. SPICS: 57566 aCezanne bCezanne a1a ed. aMILANO bCorriere Della Sera c2003 [1° Ed.:2003 - Ed.Ling.Originale:2003] a"192 p. (prefazione: no ; testo: 192 [pagine: 0-0])" a"Presentazione di Alfonso Gatto: Occhio che Vede Dentro Il suo Vedere. La Vita, L'Arte e I capolavori a cura di Lapenta Stefania. Apparati: tavola Cronologica; collocazione Geografica delle Opere; breve Antologia Critica; consigli Bibliografici. I Capolavori: la Maddalena; Natura Morta; ritratto di Achille Emperaire; Vaso, Caffettiera e Frutta; Ragazza al Pianoforte; Paul Alexis legge un manoscritto a Emile Zola; Terrapieno; I Ladri e L'Asino; Pastorale; la Casa dell'Impiccato; la Casa del dottor Gavhet a Auvers; una moderna Olympia; tre Bagnanti; Autoritratto con Berretto; la tentazione di Sant'Antonio; ritratto di Victor Chocquet; cortile di Fattoria a Auvers; I Pioppi; Il Ponte di Maincy; Neve Sciolta a Fontainebleau; Autoritratto con Cappello; Autoritratto; Autoritratto; L'Estaque; Castagni e Fattoria al Jas De Bouffan; Bagnante; Castagni e Fattoria del Jas De Bouffan; Martedi' Grasso; ritratto di madame Cezanne nella Poltrona Gialla; Il Ragazzo con Il Panciotto Rosso; le Rive della Marna; la Casa di Bellevue; Zuccheriera, Bricco e Piatto con Frutta; Bagnanti; ritratto di madame Cezanne; Fumatore di Pipa; I giocatori di Carte; Uomo con Pipa Appoggiato a un Tavolo; donna con Caffettiera; Ponte Sullo Stagno; Natura morta con Mele; Natura morta con Cipolle; strada a Montgeroult; Natura morta con Mele e Arance; Bagnanti; Bouquet" aAUTORI/OPERE DI PITTURA eCodice materia Spics: 5207